Central Library OPAC University of Rajshahi

F. Donker Duyvis : (Record no. 602)

MARC details
000 -LEADER
fixed length control field 00892cam a22002771 4500
001 - CONTROL NUMBER
control field 602
003 - CONTROL NUMBER IDENTIFIER
rucl marc code BD-RjUL
005 - DATE AND TIME OF LATEST TRANSACTION
control field 20211208233214.0
008 - FIXED-LENGTH DATA ELEMENTS--GENERAL INFORMATION
fixed length control field 131129s1964 ne 000 0 eng
035 ## - SYSTEM CONTROL NUMBER
System control number (BD-RjUL) 620
040 ## - CATALOGING SOURCE
Original cataloging agency DLC
Transcribing agency ODaU
Modifying agency DLC
-- BD-RjUL
Language of cataloging eng
041 ## - LANGUAGE CODE
Language code of text/sound track or separate title eng
082 ## - DEWEY DECIMAL CLASSIFICATION NUMBER
Classification number 020.9492
Edition number 21
Author mark and year FDO 1964
100 1# - MAIN ENTRY--PERSONAL NAME
Personal name Duyvis, F. Donker
Dates associated with a name 1894-
9 (RLIN) 1842
110 ## - MAIN ENTRY--CORPORATE NAME
Corporate name or jurisdiction name as entry element Netherlands Institute for Documentation and Filing.
9 (RLIN) 4758
245 00 - TITLE STATEMENT
Title F. Donker Duyvis :
Remainder of title his life and work /
Statement of responsibility, etc. by F. Donker Duyvis
260 ## - PUBLICATION, DISTRIBUTION, ETC. (IMPRINT)
Place of publication, distribution, etc. The Hague :
Name of publisher, distributor, etc. Netherlands Institute for Documentation and Filing,
Date of publication, distribution, etc. 1964.
300 ## - PHYSICAL DESCRIPTION
Pagination 80 p. ;
Size 24 cm.
490 #0 - SERIES STATEMENT
Series statement Publication series 2.
504 ## - BIBLIOGRAPHY, ETC. NOTE
Bibliography, etc Includes bibliography
600 ## - SUBJECT ADDED ENTRY--PERSONAL NAME
Dates associated with a name Duyvis, Donker F.
650 #0 - SUBJECT ADDED ENTRY--TOPICAL TERM
Topical term or geographic name as entry element Library science -- Netherlands -- History.
9 (RLIN) 1843
942 ## - ADDED ENTRY ELEMENTS (KOHA)
Source of classification or shelving scheme Dewey Decimal Classification
Koha item type Books
Holdings
Lost status Source of classification or shelving scheme Damaged status Not for loan Collection code Permanent Location Current Location Shelving location Date acquired Source of acquisition Cost, normal purchase price Total Checkouts Full call number Date last seen Copy number Koha item type
  Dewey Decimal Classification   Not For Loan Non-fiction Central Library, University of Rajshahi Central Library, University of Rajshahi Reading Room 16/08/1969 Zeitlinger 70.00   025.129 DUF 1964 18/11/2013 C-1 Books